00448nam a2200181Ia 4500003000400000005001700004008004100021020001800062040000700080041000800087082002000095100001700115245004700132250000700179260005000186300001700236365001300253OSt20230607122510.0210423s2011 xx 000 0 und d a9788171948086 cAL aeng a657.46 DATV223 aDATEY (V S). aTaxmanns indirect taxes: law and practice. a26 aNew DelhibTaxmann Publications Pvt Ltdc2011 aI-26,930bPB b525cINR